| 000 | 01640nam a2200481 i 4500 | ||
|---|---|---|---|
| 001 | 44508 | ||
| 003 | KOSZ 005 | ||
| 005 | 20230113151412.0 | ||
| 008 | 040614s2004 pl a |000 0 pol | ||
| 015 | _aUWD 2005/21425 | ||
| 020 | _a8385428887 | ||
| 035 | _a991028219719705066 | ||
| 035 | _a(PL-WaBN)b17640970-48omnis_nlop | ||
| 035 | _ab17640970 | ||
| 035 | _a(OCoLC)69587287 | ||
| 035 | _azz2004867529 | ||
| 035 | _a(PL)b0000001764097 | ||
| 035 | _a(EXLNZ-48OMNIS_NETWORK)9910096492405606 | ||
| 040 |
_aWA N _cWA N _dKOSZ 005/HR |
||
| 046 | _k2004 | ||
| 080 | _a336.764/.768(438)"1989/..." | ||
| 100 | 1 |
_aTarczyński, Waldemar _d(1960- ) _eAutor |
|
| 245 | 1 | 0 |
_aDywersyfikacja ryzyka na polskim rynku kapitałowym / _cWaldemar Tarczyński, Małgorzata Łuniewska. |
| 260 |
_aWarszawa : _bPlacet, _c2004. |
||
| 300 |
_a278, [1] s. : _brys., wykr. ; _c24 cm. |
||
| 336 |
_aTekst _btxt _2rdacontent |
||
| 337 |
_aBez urządzenia pośredniczącego _bn _2rdamedia |
||
| 338 |
_aWolumin _bnc _2rdacarrier |
||
| 380 | _aKsiążki | ||
| 388 | _a2001- | ||
| 504 | _aBibliogr. s. 276-278. | ||
| 648 | _a2001- | ||
| 650 | 7 |
_aPapiery wartościowe _2DBN |
|
| 650 | 7 |
_aRynek kapitałowy _2DBN |
|
| 650 | 7 |
_aRyzyko inwestycyjne _2DBN |
|
| 651 | 7 | _aPolska | |
| 658 | _aGospodarka, ekonomia, finanse | ||
| 700 | 1 |
_aTarczyńska-Łuniewska, Małgorzata _c(ekonomia) _eAutor |
|
| 710 | 2 | _aWydawnictwo Placet | |
| 856 |
_uhttp://koha.tu.koszalin.pl/cgi-bin/koha/opac-detail.pl?biblionumber=44508 _yKatalog online BPK |
||
| 942 |
_2UKD _cKS |
||
| 999 |
_c44508 _d44508 |
||